| 000 | 04243nam0a2200433 4500 | ||
|---|---|---|---|
| 001 | RU\NLR\BIBL_A\016267518 | ||
| 005 | 20260113174959.0 | ||
| 010 |
_a978-5-7782-4768-0 _93000 |
||
| 021 |
_aRU _bКН-П-22-090591 _9КН-П-22-8054 |
||
| 035 | _a(NLR Aleph) 016267518 | ||
| 035 | _a(RuMoRGB)011488316 | ||
| 090 |
_a12875042 _c12875042 |
||
| 100 | _a20230124d2023 k y0rusy50 ca | ||
| 101 | 0 | _arus | |
| 102 | _aRU | ||
| 105 | _aa j 001zy | ||
| 181 | 0 |
_ai _baxxe |
|
| 182 | 0 | _an | |
| 200 | 1 |
_aВведение в лингвистику жестовых языков _eрусский жестовый язык _eучебник _f[Буркова Светлана Игоревна, кандидат филологических наук, Киммельман Вадим Игоревич, лингвист, Филимонова Елизавета Владимировна, кандидат филологических наук и др.] _gред.: С. И. Буркова и В. И. Киммельман _g[НГТУ-НЭТИ опорный вуз] |
|
| 203 |
_aТекст _bвизуальный _cнепосредственный |
||
| 210 |
_aНовосибирск _cИзд-во Новосибирского государственного технического университета _d2023 |
||
| 215 |
_a354, [1] с. _cил. _d25 |
||
| 225 | 1 |
_aУчебники НГТУ _fредкол.: д-р техн. наук, проф. (пред.) А.А. Батаев [и др.] |
|
| 300 | _aАвт. указаны в вып. дан. | ||
| 320 | _aБиблиогр.: с. 325-347 | ||
| 320 | _aПредм. указ. в конце кн. | ||
| 330 | _aУчебник представляет собой первое на русском языке систематическое изложение основ лингвистики жестовых языков с учетом новейших теоретических достижений в этой области. В учебнике раскрываются основные понятия лингвистики жестовых языков, дается необходимый запас фактических знаний, а также на этом фоне рассматриваются лингвистические особенности русского жестового языка. В конце каждой главы даются рекомендации для дополнительного изучения темы, а также вопросы, задания и упражнения для самостоятельной работы. К основному тексту прилагаются дактильный алфавит русского жестового языка, описание условных обозначений, используемых при записи примеров из жестовых языков, и предметный указатель. Издание может быть рекомендовано в качестве учебника для студентов вузов, обучающихся по направлениям подготовки "Филология", "Лингвистика", "Фундаментальная и прикладная лингвистика", а также для учащихся других гуманитарных специальностей и тех, кого интересуют проблемы жестовых языков | ||
| 606 | 1 |
_aЯзыки жестов _jУчебники для высших учебных заведений _yРоссия _92352800 _3RU\NLR\AUTH\6601628380 |
|
| 675 |
_a811.161.1'221.2(075.8) _v4 |
||
| 686 | 1 | _aШ182я7 | |
| 701 | 1 |
_aБуркова _bС. И. _gСветлана Игоревна |
|
| 701 | 1 |
_aКиммельман _bВ. И. _gВадим Игоревич |
|
| 701 | 1 |
_aФилимонова _bЕ. В. _gЕлизавета Владимировна |
|
| 712 | 0 | 2 |
_4475 _aНовосибирский государственный университет _9376593 _3RU\NLR\AUTH\889940872 |
| 942 | _cBOOK | ||
| 980 | _aNB | ||